Programa nacional de cultura vial y tecnologías limpias en la gestión socio-ambiental y predial del sector carretero en Colombia / (Registro nro. 5280)

Detalles MARC
000 -CABECERA
Campo de control 02315cam a2200505 u 4500
005 - FECHA Y HORA DE LA ULTIMA TRANSACCION
Campo de control 20160506104110.0
008 - ELEMENTOS DE LONGITUD FIJA—INFORMACION GENERAL
Campo de control 010304s2000 ck a r 00010 spa d
040 ## - FUENTE DE CATALOGACIÓN
Agencia catalogadora original la
Agencia transcriptora la
Agencia Modificadora CO-BoIAVH
041 0# - IDIOMA
Código de idioma para texto/pista de sonido o título separado Español
044 ## - PAÍS DE PUBLICACIÓN
País de publicación Colombia
082 04 - NUMERO DE CLASIFICACION DECIMAL DEWEY
Número de clasificación 333.72
Número del ítem P96n
110 2# - ASIENTO PRINCIPAL--NOMBRE CORPORATIVO
Nombre corporativo o de jurisdicción como elemento de entrada Instituto Nacional de Vías
Lugar de la reunión (Colombia)
9 (RLIN) 67684
245 10 - MENCION DE TITULO
Título Programa nacional de cultura vial y tecnologías limpias en la gestión socio-ambiental y predial del sector carretero en Colombia /
Mención de responsabilidad Instituto Nacional de Vías ; Blanca Hernández Peña ...[y otros23].
260 ## - PUBLICACION, DISTRIBUCION, ETC. (PIE DE IMPRENTA)
Lugar de publicación, distribución, etc. Santa Fe de Bogotá :
Nombre del editor, distribuidor, etc. El Instituto,
Fecha de publicación, distribución, etc. 2000.
300 ## - DESCRIPCION FISICA
Extensión 379 páginas :
Otros detalles físicos ilustraciones ;
Dimensiones 24 x 17 centímetros
650 16 - ASIENTO SECUNDARIO DE MATERIA - TERMINO TEMATICO
Término temático o nombre geográfico como elemento de entrada Carreteras
Subdivisión general Aspectos ambientales
Subdivisión geográfica Colombia.
9 (RLIN) 67685
650 26 - ASIENTO SECUNDARIO DE MATERIA - TERMINO TEMATICO
Término temático o nombre geográfico como elemento de entrada Control ambiental
Subdivisión de forma Programas
Subdivisión geográfica Colombia.
9 (RLIN) 67686
650 26 - ASIENTO SECUNDARIO DE MATERIA - TERMINO TEMATICO
Término temático o nombre geográfico como elemento de entrada Gestión ambiental
Subdivisión general Comunicación
Subdivisión de forma Programas
Subdivisión geográfica Colombia.
9 (RLIN) 67687
650 26 - ASIENTO SECUNDARIO DE MATERIA - TERMINO TEMATICO
Término temático o nombre geográfico como elemento de entrada Protección ambiental
Subdivisión de forma Programas
Subdivisión geográfica Colombia.
9 (RLIN) 67688
700 1# - ASIENTO SECUNDARIO - NOMBRE PERSONAL
Nombre personal Hernández Peña, Blanca.
Término de relación autora
9 (RLIN) 67666
700 1# - ASIENTO SECUNDARIO - NOMBRE PERSONAL
Nombre personal Arciniegas, Camilo.
Término de relación autor
9 (RLIN) 67667
700 1# - ASIENTO SECUNDARIO - NOMBRE PERSONAL
Nombre personal Monedero Aranda, Cristina.
Término de relación autora
9 (RLIN) 67668
700 1# - ASIENTO SECUNDARIO - NOMBRE PERSONAL
Nombre personal Guhl Nannetti, Ernesto
Término de relación autor
9 (RLIN) 6504
700 1# - ASIENTO SECUNDARIO - NOMBRE PERSONAL
Nombre personal Cabrera Bernal, Fabricio
Término de relación autor
9 (RLIN) 67669
700 1# - ASIENTO SECUNDARIO - NOMBRE PERSONAL
Nombre personal Malaver Soto Gustavo
Término de relación autor
9 (RLIN) 67670
700 1# - ASIENTO SECUNDARIO - NOMBRE PERSONAL
Nombre personal Gónzalez Camargo, Hernando
Término de relación autor
9 (RLIN) 67671
700 1# - ASIENTO SECUNDARIO - NOMBRE PERSONAL
Nombre personal Silva López, Jairo
Término de relación autor
9 (RLIN) 67672
700 1# - ASIENTO SECUNDARIO - NOMBRE PERSONAL
Nombre personal Barragán Martínez, Janeth
Término de relación autora
9 (RLIN) 67673
700 1# - ASIENTO SECUNDARIO - NOMBRE PERSONAL
Nombre personal Herrera, Juan David
Término de relación autor
9 (RLIN) 7784
700 1# - ASIENTO SECUNDARIO - NOMBRE PERSONAL
Nombre personal Arellano, Juan Manuel
Término de relación autor
9 (RLIN) 67674
700 1# - ASIENTO SECUNDARIO - NOMBRE PERSONAL
Nombre personal Saavedra Salazar, Luis Eduardo
Término de relación autor
9 (RLIN) 21978
700 1# - ASIENTO SECUNDARIO - NOMBRE PERSONAL
Nombre personal Peña Van Strahlen, Luis H.
Término de relación autor
9 (RLIN) 67675
700 1# - ASIENTO SECUNDARIO - NOMBRE PERSONAL
Nombre personal Rodríguez de Grueso, María Elena
Término de relación autora
9 (RLIN) 67676
700 1# - ASIENTO SECUNDARIO - NOMBRE PERSONAL
Nombre personal Reyes, María Mercedes
Término de relación autora
9 (RLIN) 67677
700 1# - ASIENTO SECUNDARIO - NOMBRE PERSONAL
Nombre personal Galvez, María Fernanda
Término de relación autora
9 (RLIN) 67678
700 1# - ASIENTO SECUNDARIO - NOMBRE PERSONAL
Nombre personal Silva Pulgarín, Mario Esteban
Término de relación autor
9 (RLIN) 67679
700 1# - ASIENTO SECUNDARIO - NOMBRE PERSONAL
Nombre personal Luna Candelo, Nancy
Término de relación autora
9 (RLIN) 67680
700 1# - ASIENTO SECUNDARIO - NOMBRE PERSONAL
Nombre personal Castro Lalinde, Paulina
Término de relación autora
9 (RLIN) 4358
700 1# - ASIENTO SECUNDARIO - NOMBRE PERSONAL
Nombre personal Castro Lalinde, Luz Amanda
Término de relación autora
9 (RLIN) 2295
700 1# - ASIENTO SECUNDARIO - NOMBRE PERSONAL
Nombre personal Castro Rengifo, Ximena
Término de relación autora
9 (RLIN) 67681
700 1# - ASIENTO SECUNDARIO - NOMBRE PERSONAL
Nombre personal Cubillos Quintero, Alexander
Término de relación autor
9 (RLIN) 67682
700 1# - ASIENTO SECUNDARIO - NOMBRE PERSONAL
Nombre personal Castaño Uribe, Carlos,
Término de relación autor
-- editor
9 (RLIN) 67689
700 1# - ASIENTO SECUNDARIO - NOMBRE PERSONAL
Nombre personal Londoño Sánchez, Fabiana,
Término de relación autora
-- editora
9 (RLIN) 22834
942 ## - ELEMENTOS ADICIONALES (KOHA)
Sistema de clasificación Dewey Decimal Classification
Tipo de ítem Libro
Existencias
Withdrawn status Lost status Sistema de Clasificación Damaged status No para préstamo Colección Inventariado Ubicación Permanente Ubicación actual Fecha de adquisición Fuente de Valor Valor Total Checkouts Número topográfico Inventario / Código de Barras Date last seen Ejemplar Price effective from Forma de adquisición Tipo de material
    Dewey Decimal Classification     General Inventariado 2017 Bogotá Bogotá 22/09/2006 Instituto 39000.00   LB-333.72 P96n 023310 04/12/2012 Ej. 1 04/12/2012 Donación Libro